Estudio sobre la fundación y la ubicación de San Ignacio de Zamucos / (Record no. 149737)

MARC details
000 -LEADER
campo de control de longitud fija 00674nam a2200193 i 4500
001 - NÚMERO DE CONTROL
campo de control 149737
003 - IDENTIFICADOR DE NÚMERO DE CONTROL
campo de control ES-MaACL
005 - FECHA Y HORA DE LA ÚLTIMA TRANSACCIÓN
campo de control 20230906203232.0
007 - CAMPO FIJO DE DESCRIPCIÓN FÍSICA--INFORMACIÓN GENERAL
campo de control de longitud fija t|
008 - DATOS DE LONGITUD FIJA--INFORMACIÓN GENERAL
campo de control de longitud fija 071024s1933 bo ||||1| spa d
100 1# - ENTRADA PRINCIPAL--NOMBRE DE PERSONA
Nombre de persona Vaudry, Juan B.
9 (RLIN) 113312
245 10 - MENCIÓN DEL TÍTULO
Título Estudio sobre la fundación y la ubicación de San Ignacio de Zamucos /
Mención de responsabilidad, etc. por Juan B. Vaudry ; prólogo de Victor Muñoz Reyes.
260 ## - PUBLICACIÓN, DISTRIBUCIÓN, ETC.
Lugar de publicación, distribución, etc. La Paz :
Nombre del editor, distribuidor, etc. Arnó Hermanos,
Fecha de publicación, distribución, etc. 1933.
300 ## - DESCRIPCIÓN FÍSICA
Extensión 5, 13 p.
500 ## - NOTA GENERAL
Nota general Precede al tít.: Centro de Propaganda y Defensa Nacional.
700 1# - ENTRADA AGREGADA--NOMBRE PERSONAL
Nombre de persona Muñoz Reyes, Víctor.
9 (RLIN) 84483
710 2# - ENTRADA AGREGADA--NOMBRE DE ENTIDAD CORPORATIVA
Nombre de entidad corporativa o nombre de jurisdicción como elemento de entrada Centro de Propaganda y Defensa Nacional.
9 (RLIN) 2722
852 ## - LOCALIZACIÓN
Ubicación ES-MaACL
Número de control de estantería 1826-F-11
Holdings
Estatus retirado Estado de pérdida Estado de daño No para préstamo Colección Biblioteca de origen Biblioteca actual Ubicación en estantería Fecha de adquisición Fuente de adquisición Total de préstamos Signatura topográfica completa Código de barras Visto por última vez Precio de reemplazo Tipo de ítem Koha
        Colección de folletos Biblioteca del Ateneo de Madrid Biblioteca del Ateneo de Madrid Depósito folletos 17/01/2008     1826-F-11 1156253 23/02/2023 23/02/2023 Folleto